เปลี่ยนเป็นภาษาไทย

Change to English
 แสดงรายละเอียดบรรณานุกรม
  กลับหน้าหลัก

Brief Record : Get Marc (ISO 2709) : E-mail record : QR code กลับ
หนังสือการแพทย์ E-books หนังสือทั่วไป : เกี่ยวกับ Collections
LEADER 00000nam 2200000uu 4500
001    39249
003     ULIBM
008    020711s2567 th a 000 0 tha d
020    9786165687317
060    WM 425 น124ซ
100    นงพงา ลิ้มสุวรรณ
245    ซาเทียร์ 2 CHANGE TECHNIQUES การทำจิตบำบัดและพัฒนาตนเอง/นงพงา ลิ้มสุวรรณ
250    พิมพ์ครั้งที่ 3
260    กรุงเทพฯ :^bจุฬาลงกรณ์มหาวิทยาลัย,^c2567
300    285 หน้า ;^c25 ซม.
650    Psychotherapy—methods
650    Family Therapy—methods
650    Psychological Techniques
710    ภาควิชาจิตเวชศาสตร์ คณะแพทยศาสตร์ โรงพยาบาลรามาธิบดี มหาวิทยาลัยมหิดล
999    ^aฐานิตา โสภะสุนทร
รายการนี้ยังไม่มีแท็ก
คุณยังไม่ได้ล็อกอิน คุณสามารถมีกิจกรรมร่วมกับเว็บไซต์ได้ แต่ต้องล็อกอินก่อน ::
  ล็อกอิน
ลำดับที่ ประเภท เลขเรียก/บาร์โค้ด สถานที่ สถานะ
1. หนังสือทั่วไป
หนังสือทั่วไป
WM 425 น124ซ 2567 ฉ.1 
  Barcode: 005424
ห้องสมุดโรงพยาบาลจิตเวชขอนแก่นราชนครินทร์
►KRPH Library
On Shelf
  ขอยืม
2. หนังสือทั่วไป
หนังสือทั่วไป
WM 425 น124ซ 2567 ฉ.2 
  Barcode: 005425
ห้องสมุดโรงพยาบาลจิตเวชขอนแก่นราชนครินทร์
►KRPH Library
On Shelf
  ขอยืม
3. หนังสือทั่วไป
หนังสือทั่วไป
WM 425 น124ซ 2567 ฉ.3 
  Barcode: 005426
ห้องสมุดโรงพยาบาลจิตเวชขอนแก่นราชนครินทร์
►KRPH Library
On Shelf
  ขอยืม
   [แสดง 3/3 รายการ]

รายการใกล้เคียง
    ผู้แต่ง [นงพงา ลิ้มสุวรรณ]

BibComment


ยังไม่เคยถูกคอมเมนท์

คอมเมนท์ทรัพยากรรายการนี้
  คอมเมนท์: ซาเทียร์ 2 CHANGE..
Bib 39249


 Union Library Management : ULibM
Copyright 2026. All Rights Reserved.